[Event "Titled Tuesday intern op 28th Dec"]
[Site "Chess.com INT"]
[Date "2021.12.28"]
[Round "10"]
[White "Devaev, Alexander"]
[Black "Manon Og, Ramon Jr"]
[Result "1-0"]
[WhiteElo "2325"]
[BlackElo "2064"]
[PlyCount "63"]
[EventDate "2021.12.28"]
[EventType "swiss (blitz)"]
[EventRounds "11"]
[EventCountry "USA"]
[SourceTitle "CBM 206 Extra"]
[Source "ChessBase"]
[SourceDate "2022.03.31"]
[SourceVersion "1"]
[SourceVersionDate "2022.03.31"]
[SourceQuality "1"]

1. d4 Nf6 2. c4 g6 3. Nc3 d5 4. Nf3 Bg7 5. Bg5 Ne4 6. cxd5 Nxg5 7. Nxg5 e6 8. Nf3 exd5 9. b4 O-O 10. Qb3 c6 11. e3 Bg4 12. Be2 Nd7 13. O-O Nf6 14. b5 Ne4 15. bxc6 bxc6 16. Rfc1 Qf6 17. Qd1 Rab8 18. Nxe4 dxe4 19. Ne5 Bxe2 20. Qxe2 Qd6 21. Rxc6 Qa3 22. Ra6 Qc3 23. Qe1 Qb2 24. Nd7 Qb7 25. Nxb8 Rxb8 26. Ra3 Qd5 27. Rb3 Rc8 28. Rab1 Rc2 29. Rb8+ Bf8 30. Qb4 Kg7 31. Qxf8+ Kf6 32. h4 1-0

[Event "Titled Tuesday intern op 28th Dec"]
[Site "Chess.com INT"]
[Date "2021.12.28"]
[Round "10"]
[White "Djordjevic, Vuk D"]
[Black "Wagner, Dinara"]
[Result "1-0"]
[WhiteElo "2382"]
[BlackElo "2325"]
[PlyCount "93"]
[EventDate "2021.12.28"]
[EventType "swiss (blitz)"]
[EventRounds "11"]
[EventCountry "USA"]
[SourceTitle "CBM 206 Extra"]
[Source "ChessBase"]
[SourceDate "2022.03.31"]
[SourceVersion "1"]
[SourceVersionDate "2022.03.31"]
[SourceQuality "1"]

1. e4 c5 2. g3 d5 3. exd5 Qxd5 4. Nf3 Nc6 5. Bg2 Nf6 6. O-O Bg4 7. h3 Bh5 8. g4 Bg6 9. d3 e6 10. Bf4 Qd7 11. Nbd2 Be7 12. Nc4 Nd5 13. Bg3 O-O 14. h4 f6 15. Re1 Bf7 16. g5 e5 17. gxf6 gxf6 18. Qd2 Kh8 19. Qh6 Rg8 20. Nfxe5 fxe5 21. Nxe5 Qe6 22. Qxe6 Bxe6 23. Nxc6 bxc6 24. Rxe6 Rg7 25. Be5 Rag8 26. Kf1 Bxh4 27. Rxc6 Nb4 28. Rxc5 Rf8 29. Bxg7+ Kxg7 30. Rc4 Rxf2+ 31. Kg1 Bg3 32. Rg4+ Kf6 33. Rxg3 Rxc2 34. Rf1+ Ke5 35. d4+ Kxd4 36. Rg4+ Kc5 37. Rf5+ Kd6 38. Rxb4 a5 39. Rxa5 h5 40. Rxh5 Rc1+ 41. Kh2 Kc7 42. Rb7+ Kd6 43. Rb6+ Kc7 44. Rg6 Kb8 45. Rb5+ Ka7 46. Rb7+ Ka8 47. Ra6# 1-0

[Event "Titled Tuesday intern op 28th Dec"]
[Site "Chess.com INT"]
[Date "2021.12.28"]
[Round "10"]
[White "Dovbnia, Nikita"]
[Black "Martin Carmona, Gaston Manuel"]
[Result "1-0"]
[WhiteElo "1944"]
[BlackElo "2362"]
[PlyCount "49"]
[EventDate "2021.12.28"]
[EventType "swiss (blitz)"]
[EventRounds "11"]
[EventCountry "USA"]
[SourceTitle "CBM 206 Extra"]
[Source "ChessBase"]
[SourceDate "2022.03.31"]
[SourceVersion "1"]
[SourceVersionDate "2022.03.31"]
[SourceQuality "1"]

1. Nf3 Nf6 2. c4 b6 3. Nc3 Bb7 4. g3 e6 5. Bg2 c5 6. O-O Be7 7. d4 cxd4 8. Qxd4 Nc6 9. Qf4 O-O 10. Rd1 Qc8 11. b3 a6 12. Bb2 d6 13. Rac1 Re8 14. Ba3 Rd8 15. e4 Ne8 16. Qe3 Qc7 17. Bb2 Rac8 18. Nd5 exd5 19. cxd5 Bf6 20. Bxf6 Nxf6 21. dxc6 Bxc6 22. Nd4 Qb7 23. Nxc6 Rxc6 24. Rxc6 Qxc6 25. e5 1-0

[Event "Titled Tuesday intern op 28th Dec"]
[Site "Chess.com INT"]
[Date "2021.12.28"]
[Round "10"]
[White "Grot, Blazej"]
[Black "Winkels, Marcel"]
[Result "1-0"]
[WhiteElo "1822"]
[BlackElo "1979"]
[PlyCount "65"]
[EventDate "2021.12.28"]
[EventType "swiss (blitz)"]
[EventRounds "11"]
[EventCountry "USA"]
[SourceTitle "CBM 206 Extra"]
[Source "ChessBase"]
[SourceDate "2022.03.31"]
[SourceVersion "1"]
[SourceVersionDate "2022.03.31"]
[SourceQuality "1"]

1. e4 c5 2. Nf3 d6 3. d4 cxd4 4. Nxd4 Nf6 5. Nc3 a6 6. f3 e5 7. Nb3 Be6 8. Be3 h5 9. Qd2 Nbd7 10. O-O-O Be7 11. Nd5 Nxd5 12. exd5 Bf5 13. Bd3 Bxd3 14. Qxd3 Rc8 15. Kb1 O-O 16. Qf5 g6 17. Qd3 f5 18. f4 e4 19. Qd2 Qc7 20. h3 Bf6 21. g4 h4 22. gxf5 gxf5 23. Bd4 Kf7 24. Qe2 Rh8 25. Bxf6 Nxf6 26. Nd4 Qd7 27. Rhg1 Rcg8 28. Rg5 Rxg5 29. fxg5 Nxd5 30. Qf2 Ne7 31. Qf4 Kg6 32. Nf3 Qe6 33. Rxd6 1-0

[Event "Titled Tuesday intern op 28th Dec"]
[Site "Chess.com INT"]
[Date "2021.12.28"]
[Round "10"]
[White "Hansen, Sune Berg"]
[Black "Urazayev, Arystanbek"]
[Result "0-1"]
[WhiteElo "2526"]
[BlackElo "2437"]
[PlyCount "52"]
[EventDate "2021.12.28"]
[EventType "swiss (blitz)"]
[EventRounds "11"]
[EventCountry "USA"]
[SourceTitle "CBM 206 Extra"]
[Source "ChessBase"]
[SourceDate "2022.03.31"]
[SourceVersion "1"]
[SourceVersionDate "2022.03.31"]
[SourceQuality "1"]

1. e4 e5 2. Nf3 Nc6 3. Bc4 Bc5 4. c3 Nf6 5. d3 a5 6. O-O d6 7. d4 Bb6 8. Qd3 Bg4 9. Nbd2 h6 10. a3 a4 11. Re1 O-O 12. Ba2 exd4 13. Nxd4 Ne5 14. Qc2 Re8 15. h3 Bh5 16. Nf1 Bg6 17. Ng3 d5 18. f4 Nc6 19. f5 Nxd4 20. cxd4 Bxd4+ 21. Be3 Bxe3+ 22. Rxe3 Bh7 23. Rd1 c6 24. Qf2 Qb6 25. e5 Nd7 26. f6 Rxe5 0-1

[Event "Titled Tuesday intern op 28th Dec"]
[Site "Chess.com INT"]
[Date "2021.12.28"]
[Round "10"]
[White "Hasman, Cengiz"]
[Black "Zherebtsova, Alexandra"]
[Result "1-0"]
[WhiteElo "2101"]
[BlackElo "2182"]
[PlyCount "79"]
[EventDate "2021.12.28"]
[EventType "swiss (blitz)"]
[EventRounds "11"]
[EventCountry "USA"]
[SourceTitle "CBM 206 Extra"]
[Source "ChessBase"]
[SourceDate "2022.03.31"]
[SourceVersion "1"]
[SourceVersionDate "2022.03.31"]
[SourceQuality "1"]

1. d4 d5 2. c4 e6 3. Nc3 Nf6 4. cxd5 exd5 5. Bg5 Be7 6. e3 h6 7. Bh4 c6 8. Bd3 O-O 9. Nge2 Re8 10. O-O Ne4 11. Bxe7 Qxe7 12. Qc2 Bg4 13. Rae1 Bxe2 14. Rxe2 Nd7 15. f3 Nxc3 16. bxc3 c5 17. Bf5 Rac8 18. Qa4 Rc7 19. Qxa7 Nf6 20. Qa3 g6 21. Bd3 Qd6 22. Rfe1 Nh5 23. Qb2 Rec8 24. Qd2 cxd4 25. cxd4 Rc3 26. Bb1 R3c4 27. Rd1 Kg7 28. Bd3 Rc3 29. Bb1 R3c4 30. g3 Nf6 31. e4 dxe4 32. fxe4 Qb6 33. Kg2 Rd8 34. d5 Qc5 35. Qe3 Qc7 36. Rf2 Ng4 37. Qf4 Nxf2 38. Qxf2 Rc3 39. Qd4+ Qe5 40. Qxe5+ 1-0

[Event "Titled Tuesday intern op 28th Dec"]
[Site "Chess.com INT"]
[Date "2021.12.28"]
[Round "10"]
[White "Holt, Conrad"]
[Black "Bortnyk, Olexandr"]
[Result "0-1"]
[WhiteElo "2553"]
[BlackElo "2604"]
[PlyCount "150"]
[EventDate "2021.12.28"]
[EventType "swiss (blitz)"]
[EventRounds "11"]
[EventCountry "USA"]
[SourceTitle "CBM 206 Extra"]
[Source "ChessBase"]
[SourceDate "2022.03.31"]
[SourceVersion "1"]
[SourceVersionDate "2022.03.31"]
[SourceQuality "1"]

1. d4 f5 2. g3 Nf6 3. Bg2 d6 4. Nf3 g6 5. O-O Bg7 6. b4 Be6 7. Ng5 Bc8 8. Bb2 h6 9. Nf3 c6 10. c4 O-O 11. d5 a5 12. dxc6 bxc6 13. b5 Bd7 14. Nd4 Qb6 15. Nc3 e5 16. Na4 Qb7 17. Nb3 e4 18. Qxd6 cxb5 19. Nac5 Qc6 20. Qxc6 Bxc6 21. cxb5 Bxb5 22. Ne6 Rf7 23. Nxg7 Kxg7 24. Nd4 Bc4 25. Rfc1 Bd5 26. Rc5 Kh7 27. f3 Nbd7 28. Rc7 exf3 29. Nxf3 Bxf3 30. Bxf3 Raf8 31. Rac1 Ne4 32. Ba3 Re8 33. Rd1 Ne5 34. Rxf7+ Nxf7 35. Rd7 Kg8 36. Ra7 Rb8 37. Rxa5 Nfg5 38. Kg2 Nxf3 39. exf3 Nc3 40. Bc1 Rb1 41. Ra8+ Kf7 42. Ra7+ Ke6 43. Bxh6 Rb2+ 44. Kh3 Nxa2 45. Ra6+ Kf7 46. Ra7+ Ke6 47. Bg7 Rc2 48. Kh4 Nb4 49. Kg5 Rxh2 50. Rb7 Nd5 51. Ra7 Rg2 52. Ra6+ Kf7 53. Be5 Re2 54. f4 Rg2 55. Ra7+ Ke6 56. Ra6+ Kf7 57. Ra7+ Ke6 58. Kh4 Rh2+ 59. Kg5 Ne7 60. Ra6+ Kf7 61. g4 fxg4 62. Kxg4 Rg2+ 63. Kf3 Rc2 64. Rf6+ Ke8 65. Kg4 Rg2+ 66. Kf3 Ra2 67. Bd6 Nf5 68. Bc5 Ra5 69. Bf2 Ke7 70. Rb6 Kf7 71. Rb7+ Ke6 72. Rb6+ Nd6 73. Be3 Ra3 74. Ke2 Kd5 75. Bd2 Ra2 0-1

[Event "Titled Tuesday intern op 28th Dec"]
[Site "Chess.com INT"]
[Date "2021.12.28"]
[Round "10"]
[White "Ianov, Viktor"]
[Black "Loy, Konstantin"]
[Result "1-0"]
[WhiteElo "2279"]
[BlackElo "2268"]
[PlyCount "79"]
[EventDate "2021.12.28"]
[EventType "swiss (blitz)"]
[EventRounds "11"]
[EventCountry "USA"]
[SourceTitle "CBM 206 Extra"]
[Source "ChessBase"]
[SourceDate "2022.03.31"]
[SourceVersion "1"]
[SourceVersionDate "2022.03.31"]
[SourceQuality "1"]

1. Nf3 c5 2. g3 Nf6 3. Bg2 g6 4. b3 Bg7 5. Bb2 O-O 6. O-O d6 7. c4 e5 8. Nc3 Nc6 9. d3 Ne8 10. Qd2 Nc7 11. e3 h6 12. Rfd1 Bg4 13. h3 Be6 14. Na4 Qd7 15. Kh2 f5 16. Rac1 b6 17. d4 e4 18. Ne1 cxd4 19. exd4 d5 20. Ba1 g5 21. Nc2 f4 22. cxd5 Bxd5 23. Nc3 f3 24. Bf1 Ne6 25. Nxd5 Qxd5 26. Ne3 Qd7 27. d5 Rad8 28. Qe1 Nf4 29. dxc6 Qc7 30. Bxg7 Kxg7 31. Qc3+ Kh7 32. Rxd8 Rxd8 33. Rd1 Rxd1 34. Nxd1 Nd5 35. Qc4 Nf6 36. Qe6 Kg7 37. Ne3 Kg6 38. Bc4 h5 39. Qf5+ Kg7 40. Qxg5+ 1-0

[Event "Titled Tuesday intern op 28th Dec"]
[Site "Chess.com INT"]
[Date "2021.12.28"]
[Round "10"]
[White "Ibrahimli, Murad Sultanali"]
[Black "Harshavardhan, GB."]
[Result "1/2-1/2"]
[WhiteElo "2418"]
[BlackElo "2397"]
[PlyCount "67"]
[EventDate "2021.12.28"]
[EventType "swiss (blitz)"]
[EventRounds "11"]
[EventCountry "USA"]
[SourceTitle "CBM 206 Extra"]
[Source "ChessBase"]
[SourceDate "2022.03.31"]
[SourceVersion "1"]
[SourceVersionDate "2022.03.31"]
[SourceQuality "1"]

1. d4 d5 2. c4 c6 3. Nf3 Nf6 4. Qc2 g6 5. Bf4 Bg7 6. e3 O-O 7. Bd3 dxc4 8. Qxc4 Be6 9. Qa4 c5 10. O-O Nc6 11. Bb5 cxd4 12. Bxc6 bxc6 13. Nxd4 Bd7 14. Qa3 Nd5 15. Bg3 Qb6 16. Nc3 e5 17. Nf3 e4 18. Ne5 Nxc3 19. Nxd7 Ne2+ 20. Kh1 Nxg3+ 21. hxg3 Qxb2 22. Qxb2 Bxb2 23. Rab1 Rfd8 24. Nc5 Ba3 25. Nxe4 a5 26. Rb3 Bb4 27. Rc1 c5 28. Nxc5 Rac8 29. Rd3 Re8 30. Rd5 Ba3 31. Rc3 Bb4 32. Rc1 Ba3 33. Rc3 Bb4 34. Rc1 1/2-1/2

[Event "Titled Tuesday intern op 28th Dec"]
[Site "Chess.com INT"]
[Date "2021.12.28"]
[Round "10"]
[White "Iljushina, Olga"]
[Black "Aldokhin, Ivan"]
[Result "1-0"]
[WhiteElo "2054"]
[BlackElo "2413"]
[PlyCount "83"]
[EventDate "2021.12.28"]
[EventType "swiss (blitz)"]
[EventRounds "11"]
[EventCountry "USA"]
[SourceTitle "CBM 206 Extra"]
[Source "ChessBase"]
[SourceDate "2022.03.31"]
[SourceVersion "1"]
[SourceVersionDate "2022.03.31"]
[SourceQuality "1"]

1. d4 Nf6 2. c4 c5 3. d5 e6 4. Nc3 exd5 5. cxd5 d6 6. e4 g6 7. Bd3 Bg7 8. Nf3 a6 9. a4 Bg4 10. h3 Bxf3 11. Qxf3 Nbd7 12. Bf4 Qe7 13. O-O O-O 14. Qg3 Nh5 15. Bxd6 Nxg3 16. Bxe7 Nxf1 17. Bxf8 Kxf8 18. Bxf1 Re8 19. Re1 f5 20. f3 Bd4+ 21. Kh1 f4 22. Bc4 g5 23. Rb1 Ke7 24. Ne2 Be3 25. b3 h5 26. a5 g4 27. b4 gxf3 28. gxf3 Ne5 29. bxc5 Nxc4 30. Rxb7+ Kf6 31. c6 Nd6 32. Rd7 Nxe4 33. fxe4 f3 34. Ng3 Rg8 35. Nxh5+ Ke5 36. Re7+ Kd4 37. Rg7 f2 38. Kg2 Rb8 39. c7 Rb1 40. Ng3 Rg1+ 41. Kh2 Bf4 42. c8=Q 1-0

[Event "Titled Tuesday intern op 28th Dec"]
[Site "Chess.com INT"]
[Date "2021.12.28"]
[Round "10"]
[White "Isanzhulov, Arystan"]
[Black "Kucuksari, Kaan"]
[Result "1-0"]
[WhiteElo "2338"]
[BlackElo "2337"]
[PlyCount "135"]
[EventDate "2021.12.28"]
[EventType "swiss (blitz)"]
[EventRounds "11"]
[EventCountry "USA"]
[SourceTitle "CBM 206 Extra"]
[Source "ChessBase"]
[SourceDate "2022.03.31"]
[SourceVersion "1"]
[SourceVersionDate "2022.03.31"]
[SourceQuality "1"]

1. e4 c6 2. Nc3 d5 3. Nf3 Nf6 4. e5 Ne4 5. Ne2 Qb6 6. d4 e6 7. Ng3 c5 8. Bd3 Nxg3 9. fxg3 cxd4 10. O-O Nc6 11. a3 Be7 12. b4 a6 13. g4 Bd7 14. Qe1 O-O-O 15. Rb1 Na7 16. b5 axb5 17. Bd2 Rdf8 18. a4 b4 19. Bxb4 Bxb4 20. Rxb4 Qc5 21. a5 Nc6 22. Rb5 Qc3 23. Qxc3 dxc3 24. Rfb1 Nxe5 25. Nxe5 Bxb5 26. Bxb5 Kc7 27. Rb3 Kd6 28. Nf3 Rc8 29. Be2 e5 30. Rb6+ Rc6 31. Rxb7 f6 32. Rxg7 Rc7 33. Rxc7 Kxc7 34. Kf2 Kd6 35. Ke3 Kc5 36. a6 Ra8 37. h4 h6 38. g3 Rg8 39. Ne1 e4 40. Ng2 Re8 41. Ne1 d4+ 42. Kf4 Re5 43. a7 Re8 44. a8=Q Rxa8 45. Kxe4 Re8+ 46. Kf3 Re3+ 47. Kf2 Kb4 48. Nf3 Re4 49. Bd3 Rxg4 50. Bf5 Rg7 51. Nxd4 Ka3 52. Bd3 Kb2 53. Nf5 Rd7 54. Ke3 h5 55. Nd4 Re7+ 56. Be4 Re5 57. Kd3 Rc5 58. Ne2 Re5 59. Nxc3 Kc1 60. Ne2+ Kd1 61. Nf4 Ke1 62. Kd4 Kf2 63. Nd3+ Kxg3 64. Nxe5 fxe5+ 65. Kxe5 Kg4 66. c4 Kxh4 67. c5 Kg3 68. c6 1-0

[Event "Titled Tuesday intern op 28th Dec"]
[Site "Chess.com INT"]
[Date "2021.12.28"]
[Round "10"]
[White "Iskusnyh, Sergei"]
[Black "Shvedova, Alexandra"]
[Result "1-0"]
[WhiteElo "2473"]
[BlackElo "2065"]
[PlyCount "141"]
[EventDate "2021.12.28"]
[EventType "swiss (blitz)"]
[EventRounds "11"]
[EventCountry "USA"]
[SourceTitle "CBM 206 Extra"]
[Source "ChessBase"]
[SourceDate "2022.03.31"]
[SourceVersion "1"]
[SourceVersionDate "2022.03.31"]
[SourceQuality "1"]

1. d4 Nf6 2. c4 e6 3. g3 d5 4. Bg2 dxc4 5. Nf3 Nc6 6. Qa4 Nd7 7. Qxc4 Nb6 8. Qb5 a6 9. Qd3 e5 10. Be3 exd4 11. Nxd4 Nb4 12. Qe4+ Be7 13. Nc3 c5 14. Nf5 Bxf5 15. Qxf5 Nc6 16. Bxc6+ bxc6 17. Rd1 Nd7 18. O-O Qc8 19. Ne4 Nf6 20. Nxf6+ gxf6 21. Qxc8+ Rxc8 22. Rc1 Rb8 23. b3 Rb5 24. Rc4 O-O 25. Bh6 Rd8 26. Rg4+ Kh8 27. Bg7+ Kg8 28. Bxf6+ Kf8 29. Bg7+ Ke8 30. Bc3 Rd5 31. Ra4 Rb6 32. Rc1 Kd7 33. Kg2 Kc8 34. Re4 Kd7 35. Rc2 f5 36. Ra4 Kc8 37. Bd2 Kb7 38. Be3 Rb4 39. Rxb4+ cxb4 40. h3 c5 41. g4 fxg4 42. hxg4 Kc6 43. f4 Bf6 44. Kf3 Bd4 45. Bxd4 Rxd4 46. f5 Kd5 47. e4+ Kd6 48. Kf4 Rd1 49. Rh2 Rf1+ 50. Kg5 Ke5 51. Rxh7 Kxe4 52. Re7+ Kd3 53. f6 Kc3 54. Re5 Kb2 55. Rf5 Rxf5+ 56. gxf5 Kxa2 57. f7 c4 58. f8=Q cxb3 59. Qxb4 b2 60. Qa4+ Kb1 61. Qxa6 Kc1 62. Qc4+ Kb1 63. f6 Ka1 64. Qa4+ Kb1 65. f7 Kc1 66. Qc4+ Kd2 67. Qb3 Kc1 68. Qc3+ Kb1 69. f8=Q Ka2 70. Qfa3+ Kb1 71. Qaxb2# 1-0

[Event "Titled Tuesday intern op 28th Dec"]
[Site "Chess.com INT"]
[Date "2021.12.28"]
[Round "10"]
[White "Ismayil, Malak"]
[Black "Degtiarev, Evgeny"]
[Result "1/2-1/2"]
[WhiteElo "2058"]
[BlackElo "2380"]
[PlyCount "195"]
[EventDate "2021.12.28"]
[EventType "swiss (blitz)"]
[EventRounds "11"]
[EventCountry "USA"]
[SourceTitle "CBM 206 Extra"]
[Source "ChessBase"]
[SourceDate "2022.03.31"]
[SourceVersion "1"]
[SourceVersionDate "2022.03.31"]
[SourceQuality "1"]

1. e4 e5 2. Nf3 Nc6 3. Bc4 Bc5 4. c3 Nf6 5. d4 exd4 6. e5 d5 7. Bb5 Ne4 8. cxd4 Bb6 9. O-O O-O 10. Nc3 Bg4 11. Be3 f6 12. exf6 Nxf6 13. Be2 Qd6 14. h3 Bh5 15. a4 a6 16. Nd2 Bxe2 17. Nxe2 Rae8 18. Nb3 Ne7 19. Nc5 Bxc5 20. dxc5 Qd7 21. Ng3 Nc6 22. Qd2 d4 23. Bg5 Nd5 24. Qd3 h6 25. Bd2 Qf7 26. Rae1 Rxe1 27. Bxe1 Nf4 28. Qe4 Re8 29. Qc2 d3 30. Qd2 Ne2+ 31. Kh2 Nxg3 32. Kxg3 Ne5 33. Kh2 Qc4 34. f4 Nc6 35. Qc3 Qxc3 36. Bxc3 Re4 37. Rd1 Rxa4 38. Rxd3 Rxf4 39. Rd7 Rf7 40. Rd5 Re7 41. h4 Kf7 42. h5 g6 43. hxg6+ Kxg6 44. Rd3 Rf7 45. Rg3+ Kh7 46. Rh3 Ne7 47. Rd3 Ng6 48. Rd8 Nf8 49. Rb8 b5 50. cxb6 cxb6 51. Rxb6 Ra7 52. Bd2 Ng6 53. Be3 Re7 54. Bf2 a5 55. Rb5 Re5 56. Rb7+ Re7 57. Rb6 Re5 58. Bg3 Rh5+ 59. Kg1 Rg5 60. Rb7+ Kg8 61. Bf2 Nf4 62. g3 Nh3+ 63. Kg2 Nxf2 64. Kxf2 Re5 65. Kf3 Rf5+ 66. Kg4 Rg5+ 67. Kh4 Rc5 68. Rb6 Kg7 69. g4 Rd5 70. Rb7+ Kg6 71. Rb6+ Kg7 72. Kg3 Kf7 73. Kf4 Kg7 74. Ke4 Rg5 75. Kf4 Rc5 76. b3 Rd5 77. Ke4 Rg5 78. Kf3 Rd5 79. Rb7+ Kg6 80. Rb8 Rc5 81. Ke4 Kf6 82. Rb6+ Kg5 83. Kd4 Rc1 84. Rb5+ Kxg4 85. Rxa5 h5 86. Ra8 h4 87. Rg8+ Kf3 88. Rh8 Kg3 89. b4 h3 90. b5 Kg2 91. b6 h2 92. Rh7 Rb1 93. Kc5 h1=Q 94. Rxh1 Kxh1 95. Kc6 Kg2 96. b7 Kf3 97. Kc7 Rxb7+ 98. Kxb7 1/2-1/2

[Event "Titled Tuesday intern op 28th Dec"]
[Site "Chess.com INT"]
[Date "2021.12.28"]
[Round "10"]
[White "Jorquera Cahuin, Marcelo Joaquin"]
[Black "Van den Dikkenberg, Erik"]
[Result "1-0"]
[WhiteElo "2233"]
[BlackElo "2158"]
[PlyCount "87"]
[EventDate "2021.12.28"]
[EventType "swiss (blitz)"]
[EventRounds "11"]
[EventCountry "USA"]
[SourceTitle "CBM 206 Extra"]
[Source "ChessBase"]
[SourceDate "2022.03.31"]
[SourceVersion "1"]
[SourceVersionDate "2022.03.31"]
[SourceQuality "1"]

1. e4 c5 2. Nc3 d6 3. g3 g6 4. Bg2 Bg7 5. d3 Nf6 6. h3 O-O 7. Be3 Nc6 8. Nge2 Rb8 9. f4 Nd7 10. a4 Nd4 11. O-O e6 12. g4 f5 13. exf5 gxf5 14. g5 a6 15. Ng3 b5 16. axb5 axb5 17. Nh5 Bh8 18. Rb1 b4 19. Ne2 Qe8 20. Neg3 Bb7 21. Bxb7 Rxb7 22. Qd2 Qg6 23. Qg2 Rbb8 24. Kh1 e5 25. Rg1 Nb6 26. Qd2 Nf3 27. Qg2 Nxg1 28. Rxg1 Rbe8 29. Qc6 d5 30. Nf6+ Bxf6 31. gxf6 Rxf6 32. Qxc5 Kh8 33. fxe5 Rc6 34. Qd4 Rxc2 35. e6+ Qg7 36. Qf4 Kg8 37. Nxf5 Qxg1+ 38. Bxg1 Rxe6 39. Qg5+ Rg6 40. Ne7+ Kf7 41. Nxg6 hxg6 42. Qf4+ Kg7 43. Bxb6 Rxb2 44. Bd4+ 1-0

[Event "Titled Tuesday intern op 28th Dec"]
[Site "Chess.com INT"]
[Date "2021.12.28"]
[Round "10"]
[White "Kalajzic, Ivan"]
[Black "Gubanov, Oleg"]
[Result "0-1"]
[WhiteElo "2108"]
[BlackElo "2258"]
[PlyCount "96"]
[EventDate "2021.12.28"]
[EventType "swiss (blitz)"]
[EventRounds "11"]
[EventCountry "USA"]
[SourceTitle "CBM 206 Extra"]
[Source "ChessBase"]
[SourceDate "2022.03.31"]
[SourceVersion "1"]
[SourceVersionDate "2022.03.31"]
[SourceQuality "1"]

1. b3 e5 2. Bb2 Nc6 3. e3 d5 4. Bb5 Bd6 5. f4 f6 6. Qh5+ g6 7. Qh4 Bd7 8. Nc3 d4 9. Ne4 dxe3 10. dxe3 Qe7 11. O-O-O O-O-O 12. Nf3 Ba3 13. fxe5 Bxb2+ 14. Kxb2 Nxe5 15. Bxd7+ Nxd7 16. Rd4 f5 17. Qxe7 Nxe7 18. Neg5 Nc6 19. Rd2 Rde8 20. Rhd1 Nde5 21. Nxe5 Nxe5 22. h3 h6 23. Nf3 Nxf3 24. gxf3 Rxe3 25. Rd3 Rxd3 26. Rxd3 Rd8 27. Re3 Kd7 28. f4 Re8 29. Rg3 Re6 30. h4 h5 31. Kc3 Ke7 32. Kd3 Kf6 33. Rf3 Re1 34. Kd4 Rh1 35. Rc3 c6 36. Kc5 Rxh4 37. Kd6 Rxf4 38. Kc7 Rb4 39. a3 Rb5 40. b4 h4 41. Rc4 g5 42. a4 Rb6 43. c3 h3 44. Rd4 g4 45. a5 Rb5 46. a6 bxa6 47. Kxc6 h2 48. Rd2 g3 0-1

[Event "Titled Tuesday intern op 28th Dec"]
[Site "Chess.com INT"]
[Date "2021.12.28"]
[Round "10"]
[White "Khamdamova, Afruza"]
[Black "Agasarov, Benik"]
[Result "0-1"]
[WhiteElo "1771"]
[BlackElo "2205"]
[PlyCount "74"]
[EventDate "2021.12.28"]
[EventType "swiss (blitz)"]
[EventRounds "11"]
[EventCountry "USA"]
[SourceTitle "CBM 206 Extra"]
[Source "ChessBase"]
[SourceDate "2022.03.31"]
[SourceVersion "1"]
[SourceVersionDate "2022.03.31"]
[SourceQuality "1"]

1. e4 e5 2. Nf3 Nc6 3. Bb5 Nf6 4. O-O Nxe4 5. d4 Nd6 6. dxe5 Nxb5 7. a4 Nbd4 8. Nxd4 d5 9. Nxc6 bxc6 10. f4 Bc5+ 11. Kh1 Bf5 12. Nc3 h5 13. a5 h4 14. h3 a6 15. Na4 Ba7 16. c3 Qd7 17. b4 Bxh3 18. Nc5 Bxc5 19. bxc5 Bg4 20. Qd4 h3 21. g3 Bf5 22. Kh2 Be4 23. Ba3 Qg4 24. Rae1 Rh6 25. Bc1 Rg6 26. Qe3 Rb8 27. c4 Rb4 28. cxd5 cxd5 29. c6 Rc4 30. Ba3 Rc2+ 31. Rf2 Rcxc6 32. Rg1 Kd7 33. Rd2 Rc4 34. Rf2 Rgc6 35. Qa7 Rc2 36. Rgf1 Rxf2+ 37. Qxf2 Rc2 0-1

[Event "Titled Tuesday intern op 28th Dec"]
[Site "Chess.com INT"]
[Date "2021.12.28"]
[Round "10"]
[White "Kleiman, Jake"]
[Black "Bodnar, Nikolay"]
[Result "0-1"]
[WhiteElo "2399"]
[BlackElo "2438"]
[PlyCount "108"]
[EventDate "2021.12.28"]
[EventType "swiss (blitz)"]
[EventRounds "11"]
[EventCountry "USA"]
[SourceTitle "CBM 206 Extra"]
[Source "ChessBase"]
[SourceDate "2022.03.31"]
[SourceVersion "1"]
[SourceVersionDate "2022.03.31"]
[SourceQuality "1"]

1. e4 e5 2. Nf3 Nc6 3. Bc4 Bc5 4. d3 Nf6 5. c3 d6 6. Bb3 O-O 7. O-O a6 8. h3 h6 9. Re1 Ba7 10. Nbd2 Be6 11. Bc2 Ne7 12. Nf1 Ng6 13. Ng3 c6 14. d4 Qc7 15. Be3 Rfe8 16. Qd2 Rad8 17. Rad1 Bc8 18. Qc1 c5 19. dxe5 dxe5 20. Nf5 Bxf5 21. exf5 Nf8 22. g4 Bb8 23. Nh2 e4 24. Nf1 N8d7 25. a4 Ne5 26. Bxe4 Rxd1 27. Qxd1 Nxe4 28. Kg2 Nc4 29. Bc1 Rd8 30. Qf3 Nf6 31. h4 Ne5 32. Qe2 Nexg4 33. f3 Ne5 34. Bf4 Re8 35. Ng3 Qd8 36. Rd1 Qe7 37. Re1 Qf8 38. Qf1 Nc6 39. Bc1 Rxe1 40. Qxe1 Bxg3 41. Qxg3 Kh7 42. Qc7 Qe7 43. Qf4 Qe2+ 44. Kg1 Qd1+ 45. Kg2 Nd5 46. Qe4 Nf6 47. Qe3 Ne5 48. Qxe5 Qxc1 49. Qxc5 Qxb2+ 50. Kh3 Qe2 51. Kg3 Nh5+ 52. Kg4 Qg2+ 53. Kxh5 g6+ 54. fxg6+ fxg6# 0-1

[Event "Titled Tuesday intern op 28th Dec"]
[Site "Chess.com INT"]
[Date "2021.12.28"]
[Round "10"]
[White "Kubatko, Ivan"]
[Black "Stoyanov, Tsvetan"]
[Result "0-1"]
[WhiteElo "2257"]
[BlackElo "2424"]
[PlyCount "68"]
[EventDate "2021.12.28"]
[EventType "swiss (blitz)"]
[EventRounds "11"]
[EventCountry "USA"]
[SourceTitle "CBM 206 Extra"]
[Source "ChessBase"]
[SourceDate "2022.03.31"]
[SourceVersion "1"]
[SourceVersionDate "2022.03.31"]
[SourceQuality "1"]

1. e4 g6 2. d4 Bg7 3. Nc3 d6 4. f4 a6 5. a4 Nf6 6. e5 dxe5 7. dxe5 Qxd1+ 8. Nxd1 Nd5 9. c3 f6 10. Nf3 fxe5 11. Nxe5 Rf8 12. g3 Bxe5 13. fxe5 Nc6 14. Bg2 Be6 15. Ne3 O-O-O 16. Nc4 Ndb4 17. cxb4 Nxb4 18. Ne3 Nd3+ 19. Kd2 Nf2+ 20. Kc2 Nxh1 21. Bxh1 Rf2+ 22. Kc3 Rxh2 23. Be4 Rh3 24. Bd2 Rxg3 25. Rh1 h5 26. Kc2 Rd4 27. Bd3 Rxa4 28. Rf1 Kd7 29. Rf8 Ra5 30. Nf1 Rc5+ 31. Kd1 Rxd3 32. Ke2 Bc4 33. Ne3 Rd4+ 34. Kf2 Rxd2+ 0-1

[Event "Titled Tuesday intern op 28th Dec"]
[Site "Chess.com INT"]
[Date "2021.12.28"]
[Round "10"]
[White "Lauridsen, Jesper Morck"]
[Black "Duneas, John"]
[Result "0-1"]
[WhiteElo "2215"]
[BlackElo "2071"]
[PlyCount "74"]
[EventDate "2021.12.28"]
[EventType "swiss (blitz)"]
[EventRounds "11"]
[EventCountry "USA"]
[SourceTitle "CBM 206 Extra"]
[Source "ChessBase"]
[SourceDate "2022.03.31"]
[SourceVersion "1"]
[SourceVersionDate "2022.03.31"]
[SourceQuality "1"]

1. e4 e5 2. f4 exf4 3. Nf3 g5 4. Nc3 Nc6 5. Bc4 Bg7 6. O-O d6 7. d4 h6 8. Bb5 a6 9. Ba4 b5 10. Bb3 Bg4 11. Bd5 Qd7 12. e5 Nge7 13. h3 Bh5 14. Qe1 Bxf3 15. Bxf3 O-O 16. Bg4 Qd8 17. e6 f5 18. Bh5 Nxd4 19. Bf7+ Kh8 20. Qf2 c5 21. Kh1 Qc7 22. Bd2 Qc6 23. Rae1 Nxc2 24. Rd1 Nd4 25. Bxf4 gxf4 26. Qxf4 b4 27. Qh4 bxc3 28. bxc3 Nb5 29. Qxe7 Nxc3 30. Rxd6 Qe4 31. Rd7 Ne2 32. Bh5 Ng3+ 33. Kg1 Qe3+ 34. Rf2 Nxh5 35. g4 fxg4 36. Qf7 Rxf7 37. exf7 g3 0-1